La llegada de los tres: la torre oscura II
Αποθηκεύτηκε σε:
| Κύριος συγγραφέας: | |
|---|---|
| Μορφή: | Βιβλίο |
| Γλώσσα: | Ισπανικά |
| Έκδοση: |
Buenos Aires
Debolsillo
2011
|
| Έκδοση: | 1a. ed |
| Σειρά: | Best Seller
|
| Θέματα: | |
| Ετικέτες: |
Προσθήκη ετικέτας
Δεν υπάρχουν, Καταχωρήστε ετικέτα πρώτοι!
|
MARC
| LEADER | 00000nam a2200000 a 4500 | ||
|---|---|---|---|
| 001 | UCG6686 | ||
| 003 | CL-VaPUC | ||
| 008 | 110512e20110000AG |||||||||||||||||spa|d | ||
| 020 | |a 9789875666283 | ||
| 082 | 0 | 4 | |a 813 |b KIN |2 21 |
| 100 | |a King, Stephen |e autor |9 592661 | ||
| 245 | 1 | 3 | |a La llegada de los tres: la torre oscura II |
| 250 | |a 1a. ed | ||
| 300 | |a 541 p | ||
| 942 | |c BK | ||
| 945 | |d 20110512 00:00:00 |a jcampos | ||
| 260 | |a Buenos Aires |b Debolsillo |c 2011 | ||
| 650 | 7 | |a NARRATIVA ESTADOUNIDENSE |2 CL-VaPUC |9 557015 | |
| 650 | 0 | |a Literatura estadounidense |9 317168 | |
| 583 | |a last modification |c 20110512 00:00:00 |k Rodrigo Vera | ||
| 490 | 0 | |a Best Seller | |
| 999 | |c 344837 |d 344835 | ||
| 952 | |0 0 |1 0 |4 0 |6 813_000000000000000_KIN_2011 |7 0 |8 C |9 443126 |a BIBCUR |b BIBCUR |d 2019-11-22 |i 4775988 |l 1 |o 813 KIN 2011 |p 4775988 |r 2025-04-22 |s 2024-04-25 |w 2019-11-22 |y BK |k CAC | ||